01487nac a22003011u 4500999001500000003000900015005001700024008004100041020001500082040004300097082001900140100005100159245045500210250002000665264005500685300002700740336002600767337002800793338002700821500002700848504004100875650005400916651001000970653001300980655002400993942002201017952014601039 c7459d7459EG-ScBUE20210309100246.0200219s2006 ii f 000 0 eng d a8175812478 aEG-ScBUEbengerdacEG-ScBUEdEG-ScBUE04a820.9bRAJ2221 aRajimwale, Sharad,‏ d1951-eauthor.12aA histroy of English literature :ba detailed study of the Anglo-Saxon period, norman conquest and medival literature, chaucer and his age, renaissance and the Elizabithan age, the seventeenth-century, the eighteenth-century, the age of romanticism, nineteenth century prose, victorian poetry, the twentieth-century and beyond modernism /cDr. Sharad Rajimwale, M.A. English, M.A. Linguistics, Ph.D. Department of English, Jai Narian Vyas University. aSecond edition. 1aNew Delhi :bRama Brothers India Pvt. Ltd.,c2006. axv, 539 pages ;c19 cm 2rdacontentatextbtxt 2rdamediaaunmediatedbn 2rdacarrieravolumebnc aDistributer: Al-Ahram. aIncludes bibliographical references. 7aEnglish literaturexHistory and criticism.2BUEsh 2BUEsh bHHUUEENN vReading book934232 cBBk820.9RAJ2ddc 00102ddc40708AlahramaMAINbMAINc2NDd2008-01-24ePurchasel4m28o820.9 RAJp000009027r2025-07-15 00:00:00s2018-10-04w2008-01-24yBB